01687nam a2200433Ia 4500001001200000003000800012006001900020007001500039008004100054010001700095020001500112020001800127020001800145040002100163035002100184050002900205100002700234245007200261250001200333260004800345300001500393490003000408504006400438533015200502600005300654600005500707600005000762650002900812650006500841650003700906650003100943650003100974651002801005655002901033710001701062830003101079856012601110999001701236ebr10245807CaPaEBRm u cr cn|||||||||000218s2000 txu sb 001 0 eng d z 00025962  z0292765916 z9780292765917 z9780292798939 aCaPaEBRcCaPaEBR a(OCoLC)56058067914aPR6019.O9bZ78236 2000eb1 aPotts, Willard,d1929-10aJoyce and the two Irelandsh[electronic resource] /cWillard Potts. a1st ed. aAustin :bUniversity of Texas Press,c2000. axi, 220 p.1 aLiterary modernism series aIncludes bibliographical references (p. 211-216) and index. aElectronic reproduction.bPalo Alto, Calif. :cebrary,d2009.nAvailable via World Wide Web.nAccess may be limited to ebrary affiliated libraries.10aJoyce, James,d1882-1941xCharactersxCatholics.10aJoyce, James,d1882-1941xCharactersxProtestants.10aJoyce, James,d1882-1941xKnowledgexIreland. 0aCatholics in literature. 0aChristianity and literaturezIrelandxHistoryy20th century. 0aModernism (Literature)zIreland. 0aNationalism in literature. 0aProtestants in literature. 0aIrelandxIn literature. 7aElectronic books.2local2 aebrary, Inc. 0aLiterary modernism series.40uhttp://site.ebrary.com/lib/rucke/Doc?id=10245807zAn electronic book accessible through the World Wide Web; click to view c35613d35613